000 01133nam a22003257a 4500
001 258
003 FISKH
005 20230313091512.0
008 230313b cb ||||| |||| 00| 0 eng d
040 _aDLC
_cDLC
_dDLC
_dFISKH
_beng
042 _alcac
050 0 0 _aPZ7.C5792
_bSt 1991
082 0 0 _a813.54
_220
100 1 _aCleary, Beverly.
245 1 0 _aStrider /
_cBeverly Cleary ; illustrated by Paul O. Zelinsky.
260 _aNew York
_bScholastic
_c1991.
300 _a152 p. :
_bill. ;
_c20 cm.
520 _aIn a series of diary entries, Leigh tells how he comes to terms with his parents' divorce, acquires joint custody of an abandoned dog, and joins the track team at school.
521 8 _a840
_bLexile
521 8 _aO
_bRaz-Plus
650 1 _aDogs
_xFiction.
650 1 _aDivorce
_xFiction.
650 1 _aHigh schools
_xFiction.
650 1 _aSchools
_xFiction.
650 1 _aDiaries
_xFiction.
700 1 _aZelinsky, Paul O.,
_eill.
856 4 2 _3Publisher description
_uhttp://www.loc.gov/catdir/description/hc043/90006608.html
906 _a7
_bcbc
_corignew
_d1
_eocip
_f19
_gy-gencatlg
942 _2ddc
_cBK
_n0
999 _c258
_d258